STATUS OF WOMEN IN RURAL SOCIETIES (Record no. 16603)
[ view plain ]
| 000 -LEADER | |
|---|---|
| fixed length control field | 00418cam a2200169ua 4500 |
| 008 - FIXED-LENGTH DATA ELEMENTS--GENERAL INFORMATION | |
| fixed length control field | 190403n II |||gr||||Z||||||eng |
| 040 ## - CATALOGING SOURCE | |
| Original cataloging agency | MAIN |
| 041 ## - LANGUAGE CODE | |
| -- | English |
| 082 ## - DEWEY DECIMAL CLASSIFICATION NUMBER | |
| Classification number | 346.013 4 CHA |
| 100 ## - MAIN ENTRY--PERSONAL NAME | |
| Personal name | CHAUBE , RAMESH . |
| 245 ## - TITLE STATEMENT | |
| Title | STATUS OF WOMEN IN RURAL SOCIETIES |
| 260 ## - PUBLICATION, DISTRIBUTION, ETC. | |
| Place of publication, distribution, etc. | MADHYA PRADESH: |
| Name of publisher, distributor, etc. | ADITYA PUB., |
| Date of publication, distribution, etc. | 2002. |
| 300 ## - PHYSICAL DESCRIPTION | |
| Extent | 230: |
| Dimensions | 20CM. |
| 700 ## - ADDED ENTRY--PERSONAL NAME | |
| Personal name | SAINI , KALPANA. |
| 942 ## - ADDED ENTRY ELEMENTS (KOHA) | |
| Koha item type | Books |
| Withdrawn status | Lost status | Damaged status | Not for loan | Collection code | Home library | Current library | Shelving location | Date acquired | Full call number | Barcode | Date last seen | Copy number | Price effective from | Koha item type | Public note |
|---|---|---|---|---|---|---|---|---|---|---|---|---|---|---|---|
| REFSOC | Central Library and Information Centre Sibsagar Girls College | Central Library and Information Centre Sibsagar Girls College | Women Studies | 12.11.2010 | 346.013 4 CHA | 25421 | 27.02.2020 | 1 | 27.02.2020 | Books | V |